000 00379nab a2200133Ia 4500
003 ES-SlBCS
005 20210601133827.0
008 140529s1988 xxu||||| |||| 00| 0 por d
041 _apor
100 1 _aQuadros, Antonio
_9205904
245 0 2 _aA porta Estreita
_c Antonio Quadros
773 0 _tPresença Filosofica
_gvol. 13, nº. 1-2-3-4, 1988, págs. 61-75
_wRev966
942 _cAR
999 _c602744
_d602744